| 000 | 00908nam a22002177a 4500 | ||
|---|---|---|---|
| 003 | OSt | ||
| 005 | 20251213035237.0 | ||
| 008 | 251213b |||||||| |||| 00| 0 eng d | ||
| 020 | _a0-87318-207-3. | ||
| 040 |
_aDWCL-Main lib _cOC |
||
| 082 | _aCirc. 616.89 G882 1995 | ||
| 110 | _aCommittee on Therapeutic Care, Group for the Advancement of Psychiatry | ||
| 245 |
_aMental health in remote rural developing areas : _bconcepts and cases/ _cCommittee on Therapeutic Care, Group for the Advancement of Psychiatry |
||
| 260 |
_aWashington, D. C. : _bAmerican Psychiatric Press, Inc., _cc1995. |
||
| 300 |
_axvii, 230 p. ; _c23 cm. |
||
| 650 | _a1. Rural mental health services-Alaska-Case studies. | ||
| 650 | _a2.. Rural mental health services-Case studies. | ||
| 650 | _a3. Rural mental health services-Developing countries. | ||
| 650 | _a4. Rural mental health services. | ||
| 942 |
_2ddc _cBK-CIRC _kCirc. _n0 |
||
| 999 |
_c7065 _d7065 |
||